| 000 | 00819nam a2200229 a 4500 | ||
|---|---|---|---|
| 999 |
_c11530 _d11530 |
||
| 001 | 11530 | ||
| 003 | BD-JhCC | ||
| 005 | 20191031113323.0 | ||
| 008 | 180624b1969 bg |||| ||a| 000 0 ben d | ||
| 035 | _a(BD-JhCC)11530 | ||
| 040 |
_aBD-JhCC _dBD-JhCC |
||
| 041 | _aben | ||
| 082 |
_bVRI 1969 _a813.5 |
||
| 100 | _aভ্রাইজ, পিটার ডি | ||
| 245 |
_aএ তো বড় রঙ্গ যাদু / _cপিটার ডি ভ্রাইজ, অনু: মতিন উদ্দীন আহমেদ । |
||
| 260 |
_aঢাকা: _bচয়নিকা প্রকাশনী; _c১৯৬৯. |
||
| 300 |
_a১২৯ পৃ. : _c২২ সেমি. |
||
| 650 | _aClowns | ||
| 700 | _aআহমেদ, মতিন উদ্দীন | ||
| 942 |
_2ddc _cBK |
||